000 00343nam a2200133 a 4500
005 20140414093835.0
008 090115s19uu xx uuu eng d
050 _aCDR 512
_bMAT 1996
245 _aThe Math resource center :
_bAlgebra.
650 _aMathematics.
650 _aAlgebra
_xInteractive videos.
942 _cAVM
999 _c108989
_d108989